000 00359 a2200169 4500
001 183428
020 _a85-16-00249-7
040 _cMagnum
100 _aAzevedo, Ricardo
240 1 0 _aO rei das pulgas
_lpor
245 1 0 _aO rei das pulgas
300 _a46
362 0 _a1990
440 1 _aModerna
697 _aLITERATURA INFANTO-JUVENIL
942 _cBK
999 _c183428
_d183428